000
00199 a2200097 4500
001
43174
100
_a
Wilsan
245
_a
Shores of light
260
_a
London
_b
W H allen
_c
090
_c
27020
_d
27020
942
_a
NUST-CAE
_c
M
_c
18915
999
_c
278247
_d
278247